| 000 | 00455nam a2200169Ia 4500 | ||
|---|---|---|---|
| 008 | 210716s2004 xx 000 0 und d | ||
| 020 | _a8178812665 | ||
| 041 | _aeng | ||
| 082 | _a005.8 KRIS | ||
| 100 | _aKrishna, S Jaya. | ||
| 245 | _aData warehousing: design and development perspectives. | ||
| 250 | _a1 | ||
| 260 |
_aHyderabad _bICFAI University Press _c2004 |
||
| 300 | _axi,196,A10 | ||
| 650 | _aData Warehousing | ||
| 700 | _aKrishna, S Jaya. | ||
| 999 |
_c199704 _d199704 |
||